[Event "Belgorod-ch"]
[Site "Belgorod"]
[Date "2007.05.26"]
[Round "7"]
[White "Popov, Dmitry B"]
[Black "Zheltonojenko, Sergey"]
[Result "1/2-1/2"]
[WhiteElo "2054"]
[BlackElo "1836"]
[PlyCount "115"]
[EventDate "2007.05.20"]
[EventType "tourn"]
[EventRounds "12"]
[EventCountry "RUS"]
[SourceTitle "EXT 2010"]
[Source "ChessBase"]
[SourceDate "2010.11.25"]
[SourceVersion "1"]
[SourceVersionDate "2010.11.25"]
[SourceQuality "1"]

1. c4 e6 2. g3 Nf6 3. Nc3 d5 4. Bg2 c6 5. d4 Nbd7 6. Nf3 Bd6 7. 0-0 0-0 8. c5 Bc7 9. e4 dxe4 10. Ng5 e5 11. Ncxe4 h6 12. Nxf6+ Nxf6 13. Nf3 exd4 14. Nxd4 Be5 15. Nf3 Qxd1 16. Rxd1 Bc7 17. Nd4 Rd8 18. h3 Nd5 19. f4 h5 20. Kf2 Kf8 21. Kf3 Re8 22. Bd2 Bd7 23. b4 Rad8 24. Re1 a6 25. a3 Re7 26. Rxe7 Nxe7 27. Be3 Nf5 28. Nxf5 Bxf5 29. g4 hxg4+ 30. hxg4 Be6 31. Bf1 Bd5+ 32. Kf2 Be4 33. Be2 Ke7 34. a4 Rh8 35. Kg3 Rh1 36. Rxh1 Bxh1 37. Kf2 Bd5 38. Bd3 Bb3 39. b5 axb5 40. axb5 cxb5 41. Be4 Be6 42. f5 Bc8 43. Bd4 f6 44. Bc3 b6 45. c6 Bd6 46. Bd3 b4 47. Bb2 Kd8 48. Kf3 Kc7 49. Bb5 Be5 50. Bxe5+ fxe5 51. Ke4 Kd6 52. Bc4 Kxc6 53. Kxe5 Kc5 54. Bb3 Ba6 55. g5 Bc4 56. Bc2 b3 57. Bb1 b2 58. f6 1/2-1/2

[Event "Belgorod Rector Cup-C 3rd"]
[Site "Belgorod"]
[Date "2007.03.09"]
[Round "8"]
[White "Gorbunova, Alexandra"]
[Black "Popov, Dmitry B"]
[Result "1/2-1/2"]
[WhiteElo "1977"]
[BlackElo "2054"]
[PlyCount "110"]
[EventDate "2007.03.04"]
[EventType "tourn"]
[EventRounds "9"]
[EventCountry "RUS"]
[SourceTitle "EXT 2010"]
[Source "ChessBase"]
[SourceDate "2010.11.25"]
[SourceVersion "1"]
[SourceVersionDate "2010.11.25"]
[SourceQuality "1"]

1. d4 e6 2. c4 f5 3. Nc3 Nf6 4. Bg5 Be7 5. Nf3 b6 6. e3 Bb7 7. Be2 Ne4 8. Bxe7 Qxe7 9. 0-0 Nxc3 10. bxc3 0-0 11. Rb1 d6 12. Nd2 e5 13. Nb3 Nd7 14. d5 f4 15. Bg4 Kh8 16. Bxd7 Qxd7 17. Qd3 Rae8 18. Nd2 Bc8 19. exf4 Rxf4 20. Ne4 Qa4 21. Qe2 a5 22. f3 h6 23. Rf2 Ba6 24. g3 Bxc4 25. Qd2 Rf7 26. Qd1 Qxd1+ 27. Rxd1 Ref8 28. Kg2 g5 29. g4 Ba6 30. Kg3 Kg7 31. h3 Rf4 32. Kg2 Bb5 33. Ng3 Bd7 34. Nh5+ Kg6 35. Nxf4+ Rxf4 36. Re2 Rc4 37. Rc1 Ra4 38. c4 Bc8 39. Rcc2 Ba6 40. Re4 Kf6 41. Kg3 Kg6 42. h4 Kf6 43. h5 Ke7 44. Kf2 Kd7 45. Ke2 Ra3 46. Re3 Ra4 47. Rec3 Ke7 48. Ke3 Rb4 49. a3 Ra4 50. Kd2 Bc8 51. Ke3 Ba6 52. Kd2 Bc8 53. Ke3 Kd7 54. Kd2 Kd8 55. Ke3 Ba6 1/2-1/2